|
|
|
|
| LEADER |
00000nab a2200000 a 4500 |
| 001 |
vtls009337290 |
| 003 |
SK-MaSNL |
| 005 |
20260304151113.0 |
| 008 |
250506c2008 xo mr|p|||||||000 b|slo |
| 015 |
|
|
|a SNBRB2008/09
|2 snkbucl
|
| 035 |
|
|
|a urn:nbn:sk:snk-ab833i
|
| 035 |
|
|
|a (urnnbn)urn:nbn:sk:snk:ar-0066at
|
| 035 |
|
|
|a (uuid)f222def5-a9cb-4b9c-9035-e14972932dee
|
| 038 |
|
|
|a SNKBUCL
|
| 040 |
|
|
|a SNKBUCL
|b slo
|c SNKBUCL
|e AACR2
|
| 041 |
0 |
|
|a slo
|
| 044 |
|
|
|a xo
|c SK
|
| 080 |
|
|
|a 72.071.1
|2 2001
|
| 100 |
1 |
|
|a Frtús, Jozef,
|d 1946 -
|4 aut
|9 217243
|
| 245 |
1 |
0 |
|a Ladislav Hudec menil tvár Šanghaja
|b Banskobystrický architekt navrhol v roku 1934 prvý mrakodrap v Ázii
|c Jozef Frtús
|
| 300 |
|
|
|b Fotogr.
|
| 600 |
1 |
7 |
|a Hudec, Ladislav,
|d 1893-1958
|2 snkbucl
|
| 773 |
0 |
|
|t Fórum architektúry
|g Roč. XVIII, č. 7-8 (2008), s. 14-17
|x 1336-0264
|
| 850 |
|
|
|a Slovenská národná knižnica
|
| 852 |
|
|
|a Slovenská národná knižnica
|
| 954 |
|
|
|a odborná, vedecká literatúra pôvodná (slovenská)
|2 lita
|
| 958 |
|
|
|a article9
|
| 958 |
|
|
|a OND
|
| 958 |
|
|
|a SK
|
| 958 |
|
|
|a EUIPO
|
| 999 |
|
|
|c 2941521
|d 2943451
|